Роль личного фактора производства в развитии экономического строя социализма

Dades bibliogràfiques
Autor principal: Панфилов А. П. Анатолий Петрович
Autor corporatiu: Ростовский государственный университет
Altres autors: Рубин Б. Г. (редактор)
Sumari:Исключено из фонда НТБ ТПУ
Idioma:rus
Publicat: Ростов-на-Дону, Изд-во Ростовского ун-та, 1988
Format: Llibre
KOHA link:https://koha.lib.tpu.ru/cgi-bin/koha/opac-detail.pl?biblionumber=261536

MARC

LEADER 00000nam0a2200000 4500
001 261536
005 20231031221649.0
010 |a 5750700380 
035 |a (RuTPU)RU\TPU\book\284517 
090 |a 261536 
100 |a 20140524d1988 k y0rusy50 ca 
101 0 |a rus 
102 |a RU 
105 |a y z 001zy 
200 1 |a Роль личного фактора производства в развитии экономического строя социализма  |f А. П. Панфилов  |g Ростовский государственный университет ; под ред. Б. Г. Рубина 
210 |a Ростов-на-Дону  |c Изд-во Ростовского ун-та  |d 1988 
215 |a 160 с. 
333 |a Исключено из фонда НТБ ТПУ 
700 1 |a Панфилов  |b А. П.  |g Анатолий Петрович 
702 1 |a Рубин  |b Б. Г.  |4 340 
712 0 2 |a Ростовский государственный университет 
801 1 |a RU  |b 63413507  |c 20140524 
801 2 |a RU  |b 63413507  |c 20220314  |g RCR 
942 |c BK